00769nam a2200253 a 4500001001300000003000900013005001700022008004100039020001000080082001800090100002800108245006200136260004300198300000900241500003500250505000800285650001900293650002700312700002800339902000800367942000700375952011800382999001500500nice12345678IN_TiNIC20260116011434.0050524s0000 boma grp 000 0 eng  ac10000a297.822bSAI1 aSaifuddin, Syedna Taher aGolden Panormab Life and Works of Syedna Taher Saifuddin aBombaybSaifia Educational Trustc0000 a157p aincludes index and biblioraphy2 aill aDawoodi Bohras aSyedna Taher Saifuddin1 aSaifuddin, Syedna Taher bSRS cBK 001040708StackRoom-aHMIbHMId2007-06-29g100.00l0o297.822 SAI1p03413r2007-06-29v100.00w2005-05-24yBK c1532d1532